000 00833nam a2200193Ii 4500
003 JO-AjNU
008 230605s9999||||xx |||||||||||||| ||und||
040 _aJO-AjNU
_bara
_erda
_cJO-AjNU
041 _aara
050 1 4 _aKMM356.6.A31 2005
100 3 _aدائرة ضريبة الدخل والمبيعات، وزارة المالية، الاردن,
_eauthor
_946457
245 0 0 _aقانون ضريبة الدخل: قانون رقم (57) لسنة 1985 وتعديلاته والأنظمة والتعليمات الصادرة بموجبه
264 3 1 _aعمان: دائرة ضريبة الدخل، 2005
300 _a236ص
336 _atext
_btxt
_2rdacontent
337 _aunmediated
_bn
_2rdamedia
338 _avolume
_bnc
_2rdacarrier
650 4 _aضريبة الدخل -- قوانين و تشريعات -- الاردن
_946458
999 _aA20212
_c23780
_d23780